<?xml version="1.0" encoding="UTF-8"?>
<marc:record xmlns:marc="http://www.loc.gov/MARC21/slim">
   <marc:leader>00000nam a2200000 a 4500</marc:leader>
   <marc:datafield ind1="1" ind2=" " tag="100">
      <marc:subfield code="a">Settele, Matthias</marc:subfield>
      <marc:subfield code="4">aut</marc:subfield>
      <marc:subfield code="e">Verfasser/-in</marc:subfield>
   </marc:datafield>
   <marc:datafield ind1=" " ind2=" " tag="653">
      <marc:subfield code="a">der im April 2025 im Rahmen der Lesezeichen Literaturtage seine Urauffűhrung erlebte. Es ist eine weitere persönliche Liebeserklärung an meine Heimatstadt</marc:subfield>
   </marc:datafield>
   <marc:datafield ind1=" " ind2=" " tag="653">
      <marc:subfield code="a">mit wahren Anekdoten und erfundenen Geschichten</marc:subfield>
   </marc:datafield>
   <marc:datafield ind1=" " ind2=" " tag="653">
      <marc:subfield code="a">wurzelnd in der Vergangeheit</marc:subfield>
   </marc:datafield>
   <marc:datafield ind1=" " ind2=" " tag="653">
      <marc:subfield code="a">aber immer mit Bezug zur heutigen Zeit.</marc:subfield>
   </marc:datafield>
   <marc:datafield ind1=" " ind2=" " tag="653">
      <marc:subfield code="a">Softcover / Belletristik/Erzählende Literatur</marc:subfield>
   </marc:datafield>
   <marc:datafield ind1=" " ind2=" " tag="653">
      <marc:subfield code="a">Waidhofen</marc:subfield>
   </marc:datafield>
   <marc:datafield ind1=" " ind2=" " tag="653">
      <marc:subfield code="a">Stadtgeschichten</marc:subfield>
   </marc:datafield>
   <marc:datafield ind1=" " ind2=" " tag="653">
      <marc:subfield code="a">Erzählende Literatur</marc:subfield>
   </marc:datafield>
   <marc:datafield ind1="0" ind2="0" tag="245">
      <marc:subfield code="a">Was geschah in der Hammergasse?</marc:subfield>
   </marc:datafield>
   <marc:datafield ind1="0" ind2="0" tag="245">
      <marc:subfield code="b">Eine Cold Case Spurensuche</marc:subfield>
   </marc:datafield>
   <marc:datafield ind1="0" ind2="0" tag="245">
      <marc:subfield code="c">Matthias Settele</marc:subfield>
   </marc:datafield>
   <marc:datafield ind1=" " ind2="1" tag="264">
      <marc:subfield code="a">S.l.] @</marc:subfield>
      <marc:subfield code="b">SetTele Entertainment</marc:subfield>
      <marc:subfield code="c">2025</marc:subfield>
   </marc:datafield>
   <marc:datafield ind1=" " ind2=" " tag="250">
      <marc:subfield code="a">1. LImitierte Erstauflage im Eigenverlag</marc:subfield>
   </marc:datafield>
   <marc:datafield ind1="1" ind2=" " tag="520">
      <marc:subfield code="a">Die Idee zu diesem Buch entstand bei der Hochzeitsfeier meiner Schwester in einer launigen Runde mit jenem Streichquartett, das die Literarische Matinee musikalisch bereichert und umrahmt. Eine Art Krimi, angesiedelt in den 1970er Jahren, wäre doch eine hevorragende Sache lautete der Tenor der feuchtfröhlichen Runde. Vom Lied der lustigen Hammergesellen, das wir anstimmten, bis zur Hammergasse war es dann nur mehr ein kleiner assoziativer Schritt. Dass ich als Kind um die Ecke gewohnt habe, bildete einen weiteren Puzzlestein beim Schreiben. Und so begab ich mich auf eine fitkive Spurensuche in die Vergangenheit ...; bei der Recherche im Stadtarchiv war ich erstaunt, wieviel in den wenigen Wochen des autofreien Tags im Jänner und Februar 1974 passiert ist in Waidhofen/Ybbs.
</marc:subfield>
   </marc:datafield>
   <marc:datafield ind1=" " ind2=" " tag="020">
      <marc:subfield code="a">9783200102729</marc:subfield>
      <marc:subfield code="9">9783200102729</marc:subfield>
   </marc:datafield>
   <marc:datafield ind1=" " ind2=" " tag="020">
      <marc:subfield code="a">3200102721</marc:subfield>
      <marc:subfield code="9">3200102721</marc:subfield>
   </marc:datafield>
   <marc:datafield ind1=" " ind2=" " tag="041">
      <marc:subfield code="a">ger</marc:subfield>
   </marc:datafield>
   <marc:datafield ind1=" " ind2=" " tag="300">
      <marc:subfield code="a">100 Seiten</marc:subfield>
   </marc:datafield>
</marc:record>
